الطريقة الاستقرائية فى تدريس قواعد اللغة العربية : مستوى المتوسطين
Saved in:
| Main Author: | |
|---|---|
| Other Authors: | |
| Format: | Thesis |
| Language: | Arabic |
| Published: |
خرطوم
: معهد خرطوم دولى غة عربية،
1984
|
| Subjects: | |
| Tags: |
Add Tag
No Tags, Be the first to tag this record!
|
| LEADER | 013290000a22003130004500 | ||
|---|---|---|---|
| 001 | 63316 | ||
| 005 | 20091201114200.0 | ||
| 008 | 930203s1984 ara | ||
| 035 | |a 233558 | ||
| 035 | |a (Sirsi) 63316 | ||
| 040 | |a UIAM |b eng | ||
| 049 | |b m | ||
| 050 | |a PJ6111 | ||
| 100 | 1 | |a عبد الماجد، عبد الماجد طاهر | |
| 245 | 1 | 0 | |a الطريقة الاستقرائية فى تدريس قواعد اللغة العربية : |b مستوى المتوسطين |
| 246 | 0 | 4 | |a al-Tariqah al-istiqra'iyah fi tadris qawa'id al-lughah al-'Arabiyah / |c i'dad 'Abd al-Majid al-Tahir 'Abd al-Majid |
| 260 | 1 | |a خرطوم |b : معهد خرطوم دولى غة عربية، |c 1984 | |
| 300 | |a 86p. | ||
| 502 | |a M.A. - Ma'had al-Khurtum al-Dawli lil-Lughat al-'Arabiyah, 1984 | ||
| 533 | |a One copy | ||
| 596 | |a 1 | ||
| 650 | 0 | |a Arabic language |x Study and teaching Foreign speakers | |
| 650 | 0 | |a Arabic language |x Grammar | |
| 700 | 1 | |a 'Abd al-Majid, 'Abd al-Majid al-Tahir | |
| 710 | 1 | |a Ma'had al-Khartum al-Dawli lil-Lughah al-'Arabiyah | |
| 710 | 2 | |a Munazzamah al-'Arabiyah lil-Tarbiyah wa-al-Thaqafah wa-al-'Ulum | |
| 900 | |a checked arr120893 | ||
| 999 | |c 430107 |d 461598 | ||
| 952 | |0 0 |6 T PJ 006111 A135T |7 0 |8 THESES |9 749218 |a IIUM |b IIUM |c MULTIMEDIA |g 0.00 |o t PJ6111A135T |p 00000062315 |r 2017-10-20 |t 1 |v 0.00 |y THESIS | ||
